Places in Tyne and Wear - sudden death - Statistics

General Stats
  • This quiz has been taken 59 times
  • The average score is 10 of 25
Answers on the Grid
Answers color-coded by a green-red scale on the quiz's grid according to % correct below.
Jarrow
Manchester
Sunderland
Windsor Castle
Glasgow
South Shields
Middlesbrough
Northumbria Police HQ
St James' Park
Wallsend
Sheffield
Newcastle-under-Lyme
Halifax
Whitley Bay
Birthplace of Peter Higgs
Bognor Regis
Purfleet-on-Thames
Newburn Ford battlefield
Carlisle
Herne Bay
Washington
Home of the Venerable Bede
Birthplace of Dec
A FIFA World Cup stadium
Gateshead
Hylton Castle
Newcastle upon Tyne
Curry Mallet
Houghton-le-Spring
Tony Blair's birthplace
Towton battlefield
Gosforth
Heddon-on-the-Wall
A 1,000-foot hill
Newcastle Castle
Lurgan
Hadrian's Wall
Whitstable
A Rugby World Cup venue
Burntwood
Swing Bridge
Boldon Hill battlefield
Sinfin
Monkwearmouth
Whitby
Birthplace of Ant
Rosslare
Hetton-le-Hole
 
Answer Stats
Answer % Correct
Sunderland
85%
Jarrow
81%
St James' Park
81%
South Shields
77%
Wallsend
62%
Washington
62%
Whitley Bay
62%
Birthplace of Dec
46%
Gateshead
46%
Wallsend Northumbria Police HQ
46%
Newcastle upon Tyne
42%
Monkwearmouth Home of the Venerable Bede
35%
Newcastle Castle
35%
Houghton-le-Spring
31%
Gosforth
27%
Hadrian's Wall
19%
Heddon-on-the-Wall
19%
Opened in 1876, it was the largest swing bridge ever at the time Swing Bridge
19%
Birthplace of Ant
15%
Birthplace of Peter Higgs
15%
Sunderland area Hylton Castle
15%
Monkwearmouth
15%
Scottish Covenanters defeated the English here in 1640, during the Second Bishops' War Newburn Ford battlefield
12%
English Royalists fought Scottish Covenanters and Parliamentarians in 1644 during the First English Civil War; the result was a 0-0 draw Boldon Hill battlefield
8%
Hetton-le-Hole
4%
No matching quizzes found
Score Distribution
Percent of People with Each Score
Percentile by Number Answered
Your Score History
You have not taken this quiz